000 00419nam a2200145Ia 4500
008 230917s9999||||xx |||||||||||||| ||und||
040 _e169830
_aMAIN
041 _aEnglish
082 _a891.432741 JL199N
100 _aजैन, लाल चन्द
245 0 _aन्याय
260 _aभरतपुर
_bभारती पुस्तक मन्दिर
300 _a142 पृ. p.
942 _cHN
999 _c182392
_d182392